000 00732nam a2200217Ia 4500
003 OSt
005 20220926043513.0
006 a|||||r|||| 00| 0
007 ta
008 220923b |||||||| |||| 00| 0 eng d
037 _cGeneral Book
040 _aRTL
_cRTL
_beng
041 _2eng
_aeng
082 _aX9(D2).21.N58t, (GD)
110 _aIndia Planning (Commission) Minor Irrigation Works (Committee on-) (1958) (Chariman: N V Gadgil)
_9346546
245 0 _aReport for Madras
650 _aEngneering
_9232523
700 _aIndia Planning (Commission) Minor Irrigation Works (Committee on-) (1958) (Chariman: N V Gadgil)
_9346547
942 _hX9(D2).21.N58t, (GD)
_cGB
_2CC
999 _c672444
_d672444